Normal view MARC view

Entry Geographic Name

Number of records used in: 1

001 - CONTROL NUMBER

  • control field: 15528

003 - CONTROL NUMBER IDENTIFIER

  • control field: OSt

005 - DATE AND TIME OF LATEST TRANSACTION

  • control field: 20260416141753.0

008 - FIXED-LENGTH DATA ELEMENTS

  • fixed length control field: 260416|| aca||aabn | a|a d

040 ## - CATALOGING SOURCE

  • Original cataloging agency: OSt
  • Transcribing agency: OSt

151 ## - HEADING--GEOGRAPHIC NAME

  • Geographic name: Bayawan City (Philippines)

670 ## - SOURCE DATA FOUND

  • Source citation: Work cat.: (OSt)5749: Arquio, Christine Jane B 1517 author., A Feasibility on the establishment of Bisan Asa Bistro in Brgy. Suba, Bayawan City, Negros Oriental /